000 02378cam a22005174i 4500
003 PE-LiUPU
005 20250731173546.0
008 150616s r 000 0 d
020 _a0687351537
035 _a(Sirsi) i9780687351534
040 _aPE-LiUPU
_bspa
_cPE-LiUPU
_erda
049 _aPRUA
082 0 4 _a226.506
_bP17
_221
100 1 _aPainter, John,
_eautor.
245 1 4 _aThe Quest for The Messiah, The History, Literature and Theology of the Johannine Community.
264 1 _aNashville, TN :
_bAbingdon Press,
_c1993.
300 _a492 páginas ;
_c21 centímetros
336 _atext
_2rdacontent
337 _aunmediated
_2rdamedia
338 _avolume
_2rdacarrier
504 _aIncluye bibliografía.
505 0 _aThe quest for the Messiah -- Johannine christianity -- Christology and history in the prologue -- Quest stories in John 1-4 -- The Paradigm of Rejection -- The Messiah and the bread of life -- The hidden Messiah in John 7-8 -- The son of man: The light of the world -- The enigmatic son of man -- The Messiah as the good shepherd -- The quests continue -- Eschatological faith redefining messiahship -The farewell of the messiah -- The "opponents" in 1 John -- The fulfilment of the quest.
526 _aSEG42
526 _aSEG41
526 _aSEG40
526 _aSEG39
526 _aP94
526 _aP87
526 _aP86
526 _aP85
526 _aP77
526 _aP76
526 _aP35
630 _aBiblia.
_pN.T.
_pJuan I
_xCrítica, interpretación, etc.
630 _aBiblia.
_pN.T.
_pJuan
_xCrítica, interpretación, etc.
910 _ajck
_bjvq
_cjck
942 _2ddc
_cBOOK
949 _a226.506 P17
_wDEWEY
_c1
_i39859
_lCCODEBUL1
_mBUL
_r0
_sY
_tBOOK
_u2015-6-16
_xTEOLOGIA
_PP35
_0COMPRA
_o.STAFF. Colección General
949 _a226.506 P17
_wDEWEY
_c2
_i42763
_lCCODEBUL1
_mBUL
_r0
_sY
_tBOOK
_u2015-6-16
_xTEOLOGIA
_PP35
_0COMPRA
_o.STAFF. Colección General
994 _aC0
_bPEPRU
596 _a1
999 _a226.506 P17
_wDEWEY
_c60727
_i39859
_f2021-11-9
_g5
_lCCODEBUL1
_mBUL
_r0
_sY
_tBOOK
_u2015-6-16
_xTEOLOGIA
_PP35
_0COMPRA
_o.STAFF. Colección General
_d60727
999 _a226.506 P17
_wDEWEY
_c2
_i42763
_f2021-11-9
_g5
_lCCODEBUL1
_mBUL
_r0
_sY
_tBOOK
_u2015-6-16
_xTEOLOGIA
_PP35
_0COMPRA
_o.STAFF. Colección General
980 _81
_gALBERTO SANCHEZ Responsable de Automatización